00393pab a2200145 454500008004000000100001900040245007700059260000900136300001300145362000800158650001800166650002000184650002700204773001600231180718b2004 xxu||||| |||| 00| 0 eng d aDesai, Manisha aGender, health and globalization: a critical social movement perspective c2004 ap.36.42. aJun aGlobalization aHealth services aWomens health services aDevelopment